Strašidelná knihovna. Duch přichází v pět /
Čtvrtý díl detektivní a duchařské série určené dětem od 7 let.
Uloženo v:
| Série: | Strašidelná knihovna,
část 4 |
|---|---|
| Hlavní autor: | |
| Další autoři: | , |
| Médium: | E-kniha |
| Jazyk: | Czech |
| Vydáno: |
Praha :
Fragment,
2018
|
| Vydání: | 1. vydání |
| Témata: | |
| Příbuzné jednotky: | Z cyklu::
Strašidelná knihovna |
| Tagy: |
Žádné tagy |
| LEADER | 02609nam a2200517 i 4500 | ||
|---|---|---|---|
| 001 | 310983 | ||
| 003 | CZ PrSKC | ||
| 005 | 20260601215657.0 | ||
| 007 | ta | ||
| 008 | 181116s2018 xr a b 000 j cze | ||
| 015 | |a cnb003057011 | ||
| 020 | |a 9788025339299 |q (vázáno) : |c Kč 149,00 | ||
| 035 | |a (OCoLC)1081364997 | ||
| 040 | |a BOA001 |b cze |d ABA001 |e rda | ||
| 041 | 1 | |a cze |h eng | |
| 072 | 7 | |a 821.111(73)-3 |x Americká próza |2 Konspekt | |
| 072 | 7 | |a 821-93 |x Literatura pro děti a mládež (beletrie) |2 Konspekt | |
| 080 | |a 821.111(73)-32 |2 MRF | ||
| 080 | |a 821-93 |2 MRF | ||
| 080 | |a (0:82-32) |2 MRF | ||
| 100 | 1 | |a Butler, Dori Hillestad, |d 1965- |7 ola2017939581 |4 aut | |
| 240 | 1 | 0 | |a Five o'clock ghost. |l Česky |
| 245 | 1 | 0 | |a Strašidelná knihovna. |p Duch přichází v pět / |c napsala Dori Hillestad Butlerová ; ilustrovala Aurora Damantová ; z anglického originálu The haunted library - The five o'clock ghost přeložil Václav Soukup |
| 246 | 3 | 0 | |a Duch přichází v pět |
| 250 | |a 1. vydání | ||
| 264 | 1 | |a Praha : |b Fragment, |c 2018 | |
| 300 | |a 141 stran : |b ilustrace ; |c 20 cm | ||
| 336 | |a text |b txt |2 rdacontent | ||
| 337 | |a bez média |b n |2 rdamedia | ||
| 338 | |a svazek |b nc |2 rdacarrier | ||
| 520 | 2 | |a Čtvrtý díl detektivní a duchařské série určené dětem od 7 let. |b Další případ zavede Klárku a ducha Kaze do domu Klárčina kamaráda, kde se každý den přesně v pět hodin dějí divné věci. Rozsvěcuje se lampa, dveře garáže se samy otevírají a z televize vychází záhadný hlas. Vypadá to, že tohle bude mít na svědomí duch. Nakladatelská anotace. Kráceno. | |
| 521 | 8 | |a Pro čtenáře od 7 let | |
| 655 | 7 | |a americké příběhy |7 fd131795 |2 czenas | |
| 655 | 7 | |a publikace pro děti |7 fd133156 |2 czenas | |
| 655 | 9 | |a American stories |2 eczenas | |
| 655 | 9 | |a children's literature |2 eczenas | |
| 700 | 1 | |a Damant, Aurore, |d 1981- |7 ola2017939588 |4 ill | |
| 700 | 1 | |a Soukup, Václav |7 ola2018992136 |4 trl | |
| 765 | 1 | |t Haunted library | |
| 787 | 0 | 8 | |i Z cyklu: |t Strašidelná knihovna |g 4 |
| 900 | |a ABA001 |b 21 | ||
| 928 | 9 | |a Albatros Media - Fragment | |
| 044 | |a xr | ||
| 910 | |a RBIT002 | ||
| 998 | |d 180801 |a https://core.palmknihy.cz/api/books/180801/cover?suv3wk |b https://core.palmknihy.cz/api/books/180801/cover/400?suv3wk |c https://core.palmknihy.cz/api/books/180801/cover/50?suv3wk |e 2028-04-24 |g 128 |i 9788025339299 |j https://core.palmknihy.cz/api/books/180801/preview.epub |k https://core.palmknihy.cz/api/books/180801/preview.pdf |l |q 49 |r 1 |s https://www.palmknihy.cz/kniha/180801 |t ebook |y 2018 |z 0 |v Strašidelná knihovna |w 4 | ||
| 999 | |d 310981 | ||